000 00809cab a2200253 4500
001 ABS53413
008 090401t1995 xxu||||| |||| 00| 0 eng d
035 _a(Sirsi) u4017
041 _aeng
245 _aFocus `95 Finance
260 _c1995
350 _a0
490 _aEstates Gazette
_v(9533) 19 August 1995, 31-43(8)
520 _aA funding overview, the role of banks in speculative development, the Stock Exchange`s new Alternative Investment Market and money laundering are discussed in this special Finance feature.
650 _aBANKS
650 _aMONEY LAUNDERING
650 _aPROPERTY FUNDING
650 _aSPECULATION
650 _aSPECULATIVE DEVELOPMENT
650 _aSTOCK EXCHANGE
690 _aPROPERTY-PROPERTY FINANCE AND INVESTMENT
942 _n0
948 _c04/03/1997
999 _c2406
_d2406